000 00638nam a2200157 a 4500
001 000038511
005 20201002031301.0
008 130412s2010 dr acd 000 0 spa d
040 _aDO-SdBNP
_bspa
_cBNPHU
100 1 _aPérez Sénchez, Manuel de Jesús
_964862
245 1 0 _aDemocracia y constitución :
_bdel estado liberal al social democrático /
_cManuel de Jesús Pérez Sénchez.
260 _aSanto Domingo :
_bBanco Central,
_c2010.
300 _a134 p. :
_bil., gráf., retrs. ;
_c20 cm.
500 _aIncluye datos biográficos del autor en la solapa
504 _aIncluye referencias bibliográficas y notas al pie de las páginas
999 _c38001
_d38001